000 00663nam a2200241Ia 4500
005 20250508164139.0
008 008 250505s9999 xx 000 0 eng d
020 _a0-8264-6129-8
037 _aReference
040 _aFEDL
_beng
_cFEDL
041 _aeng
_2eng
084 _a373, BEC
_qFEDL
100 _aBeck John Ed.
_9255618
245 0 _aKey issues in secondary education : Introductory readings
250 _a2
260 _aLondon, UK
_bContinuum
_c2003
300 _axiii,217p.
365 _aGBP
_b16.99
650 _aSecondary education
700 _a Earl Mary Ed.
_9777484
942 _cREF
_h373, BEC
999 _c1387318
_d1387318